000 00746nam a2200265Ia 4500
003 OSt
005 20221007064434.0
006 a|||||r|||| 00| 0
007 ta
008 221006b |||||||| |||| 00| 0 eng d
024 _a4,084
037 _cReference Collections
040 _aFLL
_cFLL
_beng
041 _2eng
_aeng
082 _aZ2,8e, M8.2
100 _aBindra N.S. Au.
_9681747
245 0 _aConveyancing
_b Draftsman and interpretation of deeds
250 _a7th
260 _aDelhi
_bDelhi Law House India
_c1997
300 _a909-1820p,lxxxixP
_ccm.
490 _vVol.2
650 _aConveyancing
_9684594
942 _hZ2,8e, M8.2
_cREF
_2CC
999 _c1134075
_d1134075